Online katalóg knižníc regiónu Turca

Slušnosť má zelenú (Record no. 21551)

MARC details
000 -LEADER
fixed length control field 01938cam a2200589 a 4500
001 - CONTROL NUMBER
control field 21551
003 - CONTROL NUMBER IDENTIFIER
control field VRT
005 - DATE AND TIME OF LATEST TRANSACTION
control field 20260305082613.0
008 - FIXED-LENGTH DATA ELEMENTS--GENERAL INFORMATION
fixed length control field 240318s2015 xo a a 000 p slo
015 ## - NATIONAL BIBLIOGRAPHY NUMBER
National bibliography number SNBA2016/06
020 ## - INTERNATIONAL STANDARD BOOK NUMBER
International Standard Book Number 9788081820120
Qualifying information (viaz.)
035 ## - SYSTEM CONTROL NUMBER
System control number EF54A616-DDDD-4D3B-B148-4AA925A0ADD4
035 ## - SYSTEM CONTROL NUMBER
System control number urn:nbn:sk:snk-amloz1
035 ## - SYSTEM CONTROL NUMBER
System control number urn:nbn:sk:snk-am00bxnn
039 #9 - LEVEL OF BIBLIOGRAPHIC CONTROL AND CODING DETAIL [OBSOLETE]
Level of rules in bibliographic description 202403182218
Level of effort used to assign nonsubject heading access points VLOAD
Level of effort used to assign subject headings 201707060928
Level of effort used to assign classification VLOAD
Level of effort used to assign subject headings 201704280855
Level of effort used to assign classification msvkbb04
Level of effort used to assign subject headings 201611231502
Level of effort used to assign classification mtotk19
040 ## - CATALOGING SOURCE
Original cataloging agency PPPK
Language of cataloging slo
Transcribing agency PPPK
Modifying agency SNK
Description conventions AACR2
041 0# - LANGUAGE CODE
Language code of text/sound track or separate title slo
044 ## - COUNTRY OF PUBLISHING/PRODUCING ENTITY CODE
MARC country code xo
ISO country code SK
072 #7 - SUBJECT CATEGORY CODE
Subject category code 395
Subject category code subdivision Spoločenské správanie. Etiketa
Source konspekt
072 #7 - SUBJECT CATEGORY CODE
Subject category code 821-93
Subject category code subdivision Literatúra pre deti a mládež (beletria)
Source konspekt
072 #7 - SUBJECT CATEGORY CODE
Subject category code 821.162.4-1
Subject category code subdivision Slovenská poézia
Source konspekt
080 ## - UNIVERSAL DECIMAL CLASSIFICATION NUMBER
Universal Decimal Classification number 395
Edition identifier 2011
080 ## - UNIVERSAL DECIMAL CLASSIFICATION NUMBER
Universal Decimal Classification number 82-93-053.2
Edition identifier 2011
080 ## - UNIVERSAL DECIMAL CLASSIFICATION NUMBER
Universal Decimal Classification number 821.162.4-1
Edition identifier 2011
100 1# - MAIN ENTRY--PERSONAL NAME
Personal name Keníž, Vladimír
Relationship aut
245 10 - TITLE STATEMENT
Title Slušnosť má zelenú
Statement of responsibility, etc. Vladimír Keníž ; ilustroval Jozef Klinga
260 ## - PUBLICATION, DISTRIBUTION, ETC.
Place of publication, distribution, etc. [Bratislava]
Name of publisher, distributor, etc. Citadela
Date of publication, distribution, etc. 2015
300 ## - PHYSICAL DESCRIPTION
Extent [103] s.
Other physical details fareb. ilustr.
Dimensions 20 cm
500 ## - GENERAL NOTE
General note Miesto vyd. podľa ISBN
650 07 - SUBJECT ADDED ENTRY--TOPICAL TERM
Topical term or geographic name entry element spoločenské správanie
Source of heading or term SNKPH
650 07 - SUBJECT ADDED ENTRY--TOPICAL TERM
Topical term or geographic name entry element Etiquette
Source of heading or term SNKPHeng
650 07 - SUBJECT ADDED ENTRY--TOPICAL TERM
Topical term or geographic name entry element slušné správanie
Source of heading or term SNKPH
655 #7 - INDEX TERM--GENRE/FORM
Genre/form data or focus term slovenská poézia
Source of term SNKPH
655 #7 - INDEX TERM--GENRE/FORM
Genre/form data or focus term publikácie pre deti
Source of term SNKPH
655 #7 - INDEX TERM--GENRE/FORM
Genre/form data or focus term Slovak poetry
Source of term SNKPHeng
655 #7 - INDEX TERM--GENRE/FORM
Genre/form data or focus term Children's literature
Source of term SNKPHeng
700 1# - ADDED ENTRY--PERSONAL NAME
Personal name Klinga, Jozef
Relationship ill
910 ## - USER-OPTION DATA (OCLC)
User-option data pppk
910 ## - USER-OPTION DATA (OCLC)
User-option data bjkdg
910 ## - USER-OPTION DATA (OCLC)
User-option data sllk
910 ## - USER-OPTION DATA (OCLC)
User-option data skpk
910 ## - USER-OPTION DATA (OCLC)
User-option data vthk
910 ## - USER-OPTION DATA (OCLC)
User-option data hevk
910 ## - USER-OPTION DATA (OCLC)
User-option data snk
910 ## - USER-OPTION DATA (OCLC)
User-option data pokpoh
910 ## - USER-OPTION DATA (OCLC)
User-option data totk
942 ## - ADDED ENTRY ELEMENTS (KOHA)
Source of classification or shelving scheme Dewey Decimal Classification
Koha item type Krásna literatúra pre deti
Suppress in OPAC No
949 ## - LOCAL PROCESSING INFORMATION (OCLC)
6 270001000559784
a svkbbA 150607
b svkbbm 767995
949 ## - LOCAL PROCESSING INFORMATION (OCLC)
6 17A1197064
a snkSD 85313
b snk2016/13857
o 1329/16
s 6100:20160616
949 ## - LOCAL PROCESSING INFORMATION (OCLC)
6 17A1197065
a snkSD 85313 D1
b snk2016/13858
o 1329/16
Holdings
Stav vyradenia Strata Poškodenie Spôsob nadobudnutia Domovská knižnica Aktuálna knižnica Dátum nadobudnutia Total checkouts Čiarový kód exemplára Date last seen Typ exemplára
      Dar Obecná knižnica Turčianska Štiavnička Obecná knižnica Turčianska Štiavnička 05.03.2026   4738000229 05.03.2026 Krásna literatúra pre deti
Projekt je podporený Slovenskou asociáciou knižníc
Prevádzkuje Turčianska knižnica Martin 2026